[Event "SVR-op 34th"]
[Site "Reil"]
[Date "2011.04.21"]
[Round "4"]
[White "Jakel, Peter"]
[Black "Vossen, Daniel"]
[Result "1/2-1/2"]
[WhiteElo "1825"]
[BlackElo "1728"]
[PlyCount "58"]
[EventDate "2011.04.16"]
[EventType "swiss"]
[EventRounds "7"]
[EventCountry "GER"]
[SourceTitle "EXT 2013"]
[Source "ChessBase"]
[SourceDate "2012.11.22"]
[SourceVersion "1"]
[SourceVersionDate "2012.11.22"]
[SourceQuality "1"]

1. Nf3 Nf6 2. c4 c6 3. Nc3 d6 4. d4 Bg4 5. e4 Nbd7 6. Be2 g6 7. h3 Bxf3 8. Bxf3 Bg7 9. 0-0 0-0 10. Be3 a6 11. a4 Qc7 12. Qd2 c5 13. d5 Rfe8 14. Rfe1 Rad8 15. Rab1 Qa5 16. Be2 Nb6 17. b3 Na8 18. Rbc1 Nc7 19. Qc2 Rb8 20. Bd2 Qb6 21. a5 Qa7 22. Na4 Nd7 23. Bg4 Ne5 24. b4 h5 25. Be2 Nd7 26. b5 b6 27. axb6 Nxb6 28. Nxb6 Qxb6 29. bxa6 Qxa6 1/2-1/2

[Event "Duesseldorf Nord Cup 9th GrD"]
[Site "Duesseldorf"]
[Date "2009.08.16"]
[Round "5.3"]
[White "Jakel, Peter"]
[Black "Takeuchi, Eiki"]
[Result "0-1"]
[WhiteElo "1918"]
[BlackElo "1846"]
[PlyCount "58"]
[EventDate "2009.08.14"]
[EventType "tourn"]
[EventRounds "5"]
[EventCountry "GER"]
[SourceTitle "EXT 2017"]
[Source "ChessBase"]
[SourceDate "2016.10.25"]
[SourceVersion "1"]
[SourceVersionDate "2016.10.25"]
[SourceQuality "1"]

1. c4 e5 2. Nc3 Nc6 3. e3 f5 4. b3 Nf6 5. Bb2 Bb4 6. Qc2 d6 7. Nd5 a5 8. Nxb4 Nxb4 9. Qb1 0-0 10. a3 Nc6 11. Ne2 Qe8 12. g3 Nh5 13. Rg1 g6 14. d4 Nf6 15. b4 Ng4 16. h3 Nh2 17. Bg2 f4 18. Bd5+ Be6 19. Qe4 fxe3 20. f4 Bxd5 21. cxd5 Nxd4 22. Bxd4 exd4 23. Qxe8 Nf3+ 24. Kf1 Rfxe8 25. Rh1 axb4 26. Kg2 Nd2 27. Nxd4 Rxa3 28. Nc2 Rxa1 29. Rxa1 b3 0-1